Corrosion: for students of science and engineering (Record no. 65350)

000 -LEADER
fixed length control field 00458nam a22001697a 4500
003 - CONTROL NUMBER IDENTIFIER
control field NUST - PNEC
005 - DATE AND TIME OF LATEST TRANSACTION
control field 20170116180913.0
008 - FIXED-LENGTH DATA ELEMENTS--GENERAL INFORMATION
fixed length control field 150903b xxu||||| |||| 00| 0 eng d
020 ## - INTERNATIONAL STANDARD BOOK NUMBER
International Standard Book Number 0582450896
040 ## - CATALOGING SOURCE
Transcribing agency LIBRARY
082 ## - DEWEY DECIMAL CLASSIFICATION NUMBER
Classification number 620.112 TRE
100 ## - MAIN ENTRY--PERSONAL NAME
9 (RLIN) 7217
Personal name Trethewey, K. R.
245 ## - TITLE STATEMENT
Title Corrosion: for students of science and engineering
Statement of responsibility, etc. K. R. Trethewey
260 ## - PUBLICATION, DISTRIBUTION, ETC.
Date of publication, distribution, etc. c. 1988
650 ## - SUBJECT ADDED ENTRY--TOPICAL TERM
9 (RLIN) 7223
Topical term or geographic name entry element Mechanical Engineering
General subdivision ME
942 ## - ADDED ENTRY ELEMENTS (KOHA)
Source of classification or shelving scheme
Koha item type Book
Holdings
Withdrawn status Lost status Source of classification or shelving scheme Damaged status Not for loan Permanent Location Current Location Shelving location Date acquired Total Checkouts Full call number Barcode Date last seen Price effective from Koha item type
          Pakistan Navy Engineering College (PNEC) Pakistan Navy Engineering College (PNEC)       620.112 TRE PNECLIB-016915 09/03/2015   Book
          Pakistan Navy Engineering College (PNEC) Pakistan Navy Engineering College (PNEC)       620.112 TRE PNECLIB-016914 09/03/2015   Book
          Pakistan Navy Engineering College (PNEC) Pakistan Navy Engineering College (PNEC)       620.112 TRE PNECLIB-012495 09/05/2015   Book
          Pakistan Navy Engineering College (PNEC) Pakistan Navy Engineering College (PNEC)       620.112 TRE PNECLIB-021942 09/14/2015   Book
          Pakistan Navy Engineering College (PNEC) Pakistan Navy Engineering College (PNEC)       620.112 TRE PNECLIB-016916 11/17/2015   Book
© 2023 Central Library, National University of Sciences and Technology. All Rights Reserved.